| 000 | 00858nam a2200205Ia 4500 | ||
|---|---|---|---|
| 008 | 0000001992 ck a 0000000000spa00 | ||
| 090 | _aPRU00 P87g | ||
| 100 | 1 |
_aPusenkoff, George _d1953 |
|
| 245 | 1 | 0 |
_aGeorge Pulsenkoff _b: obra reciente _c/ fotografías Wim Cox |
| 300 |
_a[36] p. _c/ 30 cm. |
||
| 500 | _aExposición realizada en la Galería Fernando Quintana en noviembrediciembre de 1992 \ Con el patronazgo del maestro venezolano Jesús Rafael Soto (q.e.p.d.) \ Registro auspiciado por el IDCT. Bogotá | ||
| 501 | _aMención a la individualidad / Boris Groys | ||
| 600 | 0 | 0 |
_a PUSENKOFF, GEORGE, 1953/ _xTRABAJOS PICTORICOS |
| 650 | 1 | 4 | _a PINTURA RUSA |
| 650 | 1 | 4 | _aARTISTAS PLASTICOS RUSOS |
| 650 | 1 | 4 | _xCATALOGOS |
| 650 | 1 | 4 | _xEXPOSICIONES |
| 700 | 1 | _aGroys, Boris | |
| 999 |
_c3962 _d3962 |
||
| 260 |
_aBogotá : Galería Fernando Quintana _c1992 |
||